000 00505nam a2200169Ia 4500
008 090201s9999 xx 000 0 und d
010 _aKPL-54985
040 _bमराठी
041 _aमराठी
082 _a39460
_b54985
100 _aमुक्ता केणेकर
245 _aदिग्विजय
_cमुक्ता केणेकर
260 _c2004
_bअश्वमेध
300 _a360
_bमोठा
600 _aदिग्विजय
942 _cBOOK
999 _c236786
_d236786